[Event "XXVII Open A"]
[Site "Balatonlelle HUN"]
[Date "2009.06.18"]
[Round "6"]
[White "Balog,I1"]
[Black "Gonda,L"]
[Result "1-0"]
[WhiteElo "2432"]
[BlackElo "2522"]

1.d4 d5 2.Nf3 Nf6 3.c4 c6 4.Qb3 dxc4 5.Qxc4 Bg4 6.Nbd2 Nbd7 7.g3 e6 8.Bg2 Be7
9.O-O Bh5 10.b3 O-O 11.Bb2 Rc8 12.Rfd1 a6 13.Rac1 b5 14.Qd3 Bg6 15.e4 Nc5
16.Qe2 Ncxe4 17.Ne5 Nxd2 18.Rxd2 Qb6 19.Nxc6 Bd6 20.Ne5 Rxc1+ 21.Bxc1 Rc8
22.Bb2 Nd5 23.Nxg6 hxg6 24.Rc2 Rxc2 25.Qxc2 Qa5 26.Bxd5 Qe1+ 27.Kg2 exd5
28.f3 Bb4 29.Qc8+ Kh7 30.Qh3+ Kg8 31.Qc8+ Bf8 32.Qc2 Kh7 33.Bc3 Qe6 34.Qd3 Be7
35.h4 Kg8 36.Bd2 Bf6 37.Be3 Qe7 38.Qd2 Qa7 39.Qc3 Kh7 40.Bf2 Qb6 41.g4 Qe6
42.Qc2 Kg8 43.Kf1 Bd8 44.a4 bxa4 45.bxa4 Ba5 46.Qc5 Bb6 47.Qc2 Qd7 48.Kg2 Ba5
49.Kf1 Bb4 50.Qb3 Qd6 51.Kg2 Bd2 52.Qc2 Bf4 53.Qc8+ Kh7 54.Qe8 Qc7 55.Qe2 Qc6
56.Qa2 Kg8 57.Kf1 Kf8 58.Ke2 Kg8 59.Qb3 Bc7 60.Kf1 Kf8 61.Ke2 Ke8 62.Kd3 Kd7
63.Qc2 Qf6 64.Ke2 Qe6+ 65.Kd1 Qb6 66.Ke2 Bd8 67.Kd3 Be7 68.Qa2 Qc6 69.Qc2 Qf6
70.Qe2 Bd6 71.Qd1 Bc7 72.Qe2 Bf4 73.Qa2 Qc6 74.Qb3 Ke6 75.Qc2 Qb7 76.Ke2 Kd7
77.h5 g5 78.Kf1 Qc6 79.Qh7 Qf6 80.Kg2 Bc7 81.Qg8 Bd6 82.Qa8 Qf4 83.Qxd5 Qh2+
84.Kf1  1-0

[Event "13th Master Open"]
[Site "Voronezh RUS"]
[Date "2009.06.19"]
[Round "8"]
[White "Ibrayev,N"]
[Black "Bryzgalin,K"]
[Result "1/2-1/2"]
[WhiteElo "2406"]
[BlackElo "2497"]

1.d4 d5 2.c4 c6 3.Nf3 Nf6 4.Qc2 Bg4 5.Ne5 e6 6.Nxg4 Nxg4 7.h3 Nf6 8.e3 Ne4
9.Nc3 f5 10.g4 g6 11.gxf5 gxf5 12.Rg1 Nd7 13.Bd2 Bh6 14.Nxe4 fxe4 15.Be2 Nf6
16.O-O-O Qe7 17.Qa4 dxc4 18.Qxc4 O-O-O 19.Bb4 Qf7 20.Kb1 Kb8 21.Qc2 Bf8 22.Ba5 Rd5
23.Be1 Bd6 24.f3 exf3 25.Bxf3 Rf5 26.Qe2 Nd5 27.Bg4 Rf6 28.Bh5 Qc7 29.Bh4 Rff8
30.Bf3 Rhg8 31.Rxg8 Rxg8 32.Bg4 e5 33.e4 Nb6 34.Be6 Rf8 35.d5 cxd5 36.Rc1 Qg7  1/2-1/2

[Event "13th Master Open"]
[Site "Voronezh RUS"]
[Date "2009.06.19"]
[Round "8"]
[White "Agaragimov,D"]
[Black "Mukashev,A"]
[Result "1/2-1/2"]
[WhiteElo "2370"]
[BlackElo "2078"]

1.d4 d5 2.Nf3 Nf6 3.c4 c6 4.Nbd2 a6 5.Qc2 g6 6.e3 Bf5 7.Bd3 Bxd3 8.Qxd3 Bg7
9.O-O O-O 10.e4 dxe4 11.Nxe4 Nbd7 12.Nc3 Qc7 13.Re1 Rfe8 14.Bg5 Rad8 15.Qe3 Ng4
16.Qe4 Ndf6 17.Qe2 Nh6 18.Rad1 Nf5 19.h3 h6 20.Bc1 Nh7 21.Qe4 h5 22.Bf4 Qc8
23.Be5 Nd6 24.Qe2 Bxe5 25.Nxe5 Nf5 26.Qe4 Ng5 27.Qf4 Ne6 28.Qe4 Rxd4 29.Rxd4 Nfxd4
30.Nxg6 fxg6 31.Qxg6+ Kf8 32.Re5  1/2-1/2

[Event "Oceania Zonal"]
[Site "Gold Coast AUS"]
[Date "2009.06.20"]
[Round "2"]
[White "Rej,T"]
[Black "Krstev,A"]
[Result "1-0"]
[WhiteElo "2308"]
[BlackElo "2056"]

1.d4 d5 2.c4 c6 3.Nf3 Nf6 4.Qc2 e6 5.g3 Nbd7 6.Bg2 Bd6 7.O-O Ne4 8.Nc3 f5
9.cxd5 exd5 10.Nh4 Ndf6 11.f3 Nxc3 12.bxc3 g6 13.Bg5 Be7 14.e4 dxe4 15.fxe4 fxe4
16.Rxf6 Bxf6 17.Qxe4+ Kf7 18.Bxf6 Kxf6 19.Qe5+ Kf7 20.Rf1+ Kg8 21.Rf6 Bf5
22.Nxf5 Qe8 23.Ne7+ Kg7 24.Rf4+  1-0

[Event "Open"]
[Site "Teplice CZE"]
[Date "2009.06.20"]
[Round "8"]
[White "Loktiev,I"]
[Black "Grussova,H"]
[Result "1/2-1/2"]
[WhiteElo "2290"]
[BlackElo "1905"]

1.d4 d5 2.Nf3 Nf6 3.c4 c6 4.Qc2 e6 5.g3 Be7 6.Bg2 O-O 7.O-O dxc4 8.Qxc4 b5
9.Qc2 Bb7 10.Nbd2 Nbd7 11.Nb3 Qb6 12.Bd2 a6 13.Na5 Rac8 14.Nxb7 Qxb7 15.a4 Nb6
16.b3 Nbd5 17.Ne5 c5 18.dxc5 Bxc5 19.Qb2 Qa7 20.e3 b4 21.Rac1 a5 22.Rc2 Rc7
23.Rfc1 Rfc8 24.Rc4 h6 25.Qb1 Qb6 26.Qc2 Qa7 27.Qd3 Qb6 28.R4c2 Qa7 29.Bf1 Bd6
30.Rxc7 Rxc7 31.Rxc7 Bxc7 32.Nc4 Ng4 33.Bg2 Qc5 34.Qe4 Ngf6 35.Qd3  1/2-1/2

[Event "13th Master Open"]
[Site "Voronezh RUS"]
[Date "2009.06.20"]
[Round "9"]
[White "Shabanov,N"]
[Black "Rysbayeva,A"]
[Result "0-1"]
[WhiteElo "1898"]
[BlackElo "2167"]

1.d4 d5 2.c4 c6 3.Nf3 Nf6 4.Qb3 dxc4 5.Qxc4 Bf5 6.Nc3 Nbd7 7.g3 e6 8.Bg2 Be7
9.O-O O-O 10.Re1 Ne4 11.Nxe4 Bxe4 12.Nd2 Bxg2 13.Kxg2 Nb6 14.Qc3 Rc8 15.Nb3 Qd5+
16.Qf3 Qb5 17.Bd2 Rfd8 18.e4 Na4 19.Bc3 Nxc3 20.bxc3 c5 21.Qe2 Qa4 22.Rac1 cxd4
23.cxd4 b5 24.d5 e5 25.Rxc8 Rxc8 26.Qg4 Rc2 27.Rc1 Qxa2 28.Rxc2 Qxc2 29.Qd7 Qxe4+
30.Kh3 Qb4 31.Na5 h5 32.Qe8+ Bf8 33.Nc6 Qc5 34.Qxe5 b4 35.Qb2 Qxd5 36.Nxb4 Qf5+
37.Kg2 Qe4+ 38.f3 Qxb4  0-1

[Event "Open"]
[Site "Teplice CZE"]
[Date "2009.06.21"]
[Round "9"]
[White "Stastny,Pe"]
[Black "Steinhauser,D"]
[Result "1-0"]
[WhiteElo "2002"]
[BlackElo "1911"]

1.d4 d5 2.Nf3 Nf6 3.c4 c6 4.g3 Bf5 5.Nc3 e6 6.Bg2 Be7 7.O-O O-O 8.b3 Nbd7
9.Bb2 h6 10.Re1 Nb6 11.Ne5 Nfd7 12.e4 Nxe5 13.exf5 Ned7 14.fxe6 fxe6 15.Qe2 Rf6
16.cxd5 cxd5 17.Nxd5 Nxd5 18.Bxd5 Bb4 19.Bxe6+ Kh8 20.Red1 Rc8 21.Rac1 Rxc1
22.Rxc1 Nb6 23.d5 Rg6 24.Qe4 Rg5 25.Qxb4  1-0

[Event "Open"]
[Site "Albena BUL"]
[Date "2009.06.22"]
[Round "3"]
[White "Mitkov,M"]
[Black "Parligras,C"]
[Result "1/2-1/2"]
[WhiteElo "2382"]
[BlackElo "2279"]

1.d4 d5 2.c4 c6 3.Nf3 Nf6 4.Qc2 g6 5.Bf4 Bf5 6.Qb3 Qb6 7.Nbd2 Bg7 8.e3 O-O
9.Be2 Nbd7 10.O-O Qxb3 11.Nxb3 a5 12.a4 Nb6 13.c5 Nc4 14.Ne5 Nxb2 15.Ra2 Nc4
16.Nxc4 dxc4 17.Bxc4 Nd5 18.Bxd5 cxd5 19.Bc7 Rfc8 20.Bb6 Bd3 21.Rd1 Bc4 22.Rb2 e5
23.Nxa5 exd4 24.exd4 Ba6 25.Rc2 Re8 26.h3 Re6 27.c6 bxc6 28.Rxc6 Bf8 29.Bc5 Be2
30.Re1 Rxa5 31.Rxe6 fxe6 32.Bxf8 Kxf8 33.Rxe2 Rxa4 34.Rxe6  1/2-1/2

[Event "zt 3.4"]
[Site "Tashkent UZB"]
[Date "2009.06.24"]
[Round "12"]
[White "Jumabayev,R"]
[Black "Amonatov,F"]
[Result "1/2-1/2"]
[WhiteElo "2544"]
[BlackElo "2648"]

1.Nf3 Nf6 2.c4 c6 3.d4 d5 4.Qc2 g6 5.Bf4 Bg7 6.e3 O-O 7.Nc3 Na6 8.a3 c5 9.Be5 cxd4
10.Bxd4 Qa5 11.Rd1 dxc4 12.Bxc4 Bg4 13.Qa4 Qxa4 14.Nxa4 Nc7 15.Nc3 Be6 16.Be2 Rfc8
17.O-O Bb3 18.Rc1 Ne6 19.Be5 Bc4 20.Bxc4 Rxc4 21.Rfd1 Rac8 22.Rb1 Kf8 23.Kf1 Ke8
24.Ke1 Nd7 25.Bxg7 Nxg7 26.Rd2 f6 27.Rbd1 Nb6 28.h3  1/2-1/2

[Event "Oceania Zonal"]
[Site "Gold Coast AUS"]
[Date "2009.06.26"]
[Round "9"]
[White "Feldman,V"]
[Black "Lane,G"]
[Result "0-1"]
[WhiteElo "2298"]
[BlackElo "2371"]

1.d4 d5 2.c4 c6 3.Nf3 Nf6 4.Nbd2 e6 5.e3 c5 6.Bd3 Nc6 7.cxd5 exd5 8.dxc5 Bxc5
9.a3 a5 10.O-O O-O 11.h3 Re8 12.b3 Qe7 13.Bb2 Ne4 14.Re1 f5 15.Nf1 Be6 16.Nd4 Rac8
17.Nd2 Ba7 18.N2f3 Bb8 19.Bb5 Red8 20.Nxc6 bxc6 21.Ba6 Rc7 22.Rc1 c5 23.Qe2 Ra7
24.Bb5 Bf7 25.Nh2 Qg5 26.Nf3 Qe7 27.Nh2 Rd6 28.f3 Ng5 29.Kh1 Rh6 30.f4 Ne4
31.Kg1 Qh4 32.Rf1 Ng3 33.Qf2 Nxf1 34.Qxh4 Rxh4 35.Kxf1 Bd6 36.Nf3 Rh6 37.Be5 Bxe5
38.Nxe5 Rc7 39.Ke2 Rd6 40.Kd3 g6 41.g4 fxg4 42.hxg4 Kf8 43.Rh1 Be8 44.Bxe8 Kxe8
45.g5 Kf8 46.Kc2 Rb7 47.Ng4 Kg7 48.Nf6 Rxf6 49.gxf6+ Kxf6 50.Rd1 Ke6 51.Kc3 Rd7
52.Re1 Kf5 53.Kd3 Rb7 54.Kc3 Ke4 55.Rd1 h5 56.Re1 h4 57.Rh1 Rh7 58.Rh3 Kf5  0-1

[Event "Petr Izmailov Mem"]
[Site "Tomsk RUS"]
[Date "2009.06.26"]
[Round "3"]
[White "Ismailov,M"]
[Black "Akhmetov,Ay"]
[Result "0-1"]
[WhiteElo "2037"]
[BlackElo "1956"]

1.d4 d5 2.Nf3 Nf6 3.c4 c6 4.Qc2 a6 5.Nbd2 g6 6.e3 Bg7 7.Bd3 Nbd7 8.O-O O-O
9.b3 Re8 10.Bb2 b5 11.e4 dxe4 12.Nxe4 Bb7 13.Rfd1 Qb6 14.Ne5 Nxe5 15.dxe5 Nxe4
16.Bxe4 Rad8 17.h4 e6 18.c5 Qc7 19.Rd6 Bf8 20.h5 Qe7 21.Rad1 Rxd6 22.exd6 Qd7
23.hxg6 f5 24.Qc3 Bg7 25.gxh7+ Kxh7 26.Qxg7+ Qxg7 27.Bxg7 Kxg7 28.d7 Rd8
29.Bf3 Kf6 30.Bh5 Ke7 31.Be8 b4 32.f3 a5 33.g4 Ba6 34.g5 Bb5 35.Kf2 a4 36.g6 axb3
37.axb3 Ra8 38.Rd4 Ra2+ 39.Kg3  0-1

[Event "Petr Izmailov Mem"]
[Site "Tomsk RUS"]
[Date "2009.06.26"]
[Round "3"]
[White "Sviridov,Va"]
[Black "Saiyn,Z"]
[Result "1-0"]
[WhiteElo "2154"]
[BlackElo "1965"]

1.d4 d5 2.c4 c6 3.Nf3 Nf6 4.Qc2 g6 5.Bf4 Bg7 6.e3 Bf5 7.Qb3 Qb6 8.c5 Qxb3
9.axb3 O-O 10.h3 Nbd7 11.b4 a6 12.Nc3 Rfe8 13.Be2 Rac8 14.g4 Be4 15.O-O h6
16.Nd2 g5 17.Bg3 e5 18.Nb3 exd4 19.exd4 Nf8 20.Na5 Re7 21.Bd6 Rd7 22.Na4 Ne8
23.Nb6 Nxd6 24.Nxd7 Nxd7 25.cxd6 Rb8 26.Nb3 Bf8 27.Nc5 Nf6 28.f4 Kg7 29.fxg5 hxg5
30.Rxf6 Bg6 31.Raf1 Re8 32.Bd3 Re1 33.Rxe1 Kxf6 34.Bxg6 fxg6 35.d7 Be7 36.Nxb7 a5
37.Rxe7  1-0

[Event "IM Tespo Engineering"]
[Site "Brno CZE"]
[Date "2009.06.27"]
[Round "3"]
[White "Pertlova,S"]
[Black "Cip,D"]
[Result "1/2-1/2"]
[WhiteElo "2232"]
[BlackElo "2200"]

1.d4 Nf6 2.c4 c6 3.Nf3 d5 4.g3 dxc4 5.Bg2 g6 6.O-O Bg7 7.Ne5 Ng4 8.Nf3 O-O
9.e4 b5 10.a4 Bb7 11.e5 a6 12.Nc3 c5 13.dxc5 b4 14.Na2 Nc6 15.h3 Ngxe5 16.Nxe5 Bxe5
17.Nxb4 Rc8  1/2-1/2

[Event "Petr Izmailov Mem"]
[Site "Tomsk RUS"]
[Date "2009.06.27"]
[Round "4"]
[White "Mukashev,A"]
[Black "Sozin,S"]
[Result "1-0"]
[WhiteElo "2078"]
[BlackElo "1955"]

1.d4 d5 2.c4 c6 3.Nf3 Nf6 4.g3 Bf5 5.Nbd2 a6 6.Bg2 e6 7.O-O Be7 8.Nh4 O-O
9.Nxf5 exf5 10.cxd5 cxd5 11.Nf3 Nc6 12.Qb3 b5 13.Rd1 Qb6 14.Bf4 Rfd8 15.Rac1 Rac8
16.Qd3 Ne4 17.Qb1 Bd6 18.Be3 Qb8 19.Nd2 Nxd2 20.Rxd2 f4 21.gxf4 Bxf4 22.Bxf4 Qxf4
23.e3 Qg4 24.Rc3 Ne7 25.Rdc2 Rxc3 26.Rxc3 Rc8 27.h3 Qe6 28.Qc2 Rxc3 29.Qxc3 g6
30.Qa5 Qd6 31.a4 bxa4 32.Bf1 Kg7 33.Qxa4 Qb6 34.b3 a5 35.Qd7 Qb4 36.Kg2 h6
37.Be2 Nf5 38.Qxd5 Qd2 39.Qe5+ Kh7 40.Bg4 Nh4+ 41.Kg3 Qe1 42.Qf6 Nf5+ 43.Bxf5 Qg1+
44.Kf3 Qd1+ 45.Kg2 gxf5 46.Qxf7+ Kh8 47.Qf6+ Kh7 48.Qxf5+ Kh8 49.Qe6 Kh7
50.d5 Qxb3 51.Qd7+ Kh8 52.Qd8+ Kh7 53.Qxa5 Qd3 54.Qa7+ Kg8 55.Qd4 Qb1 56.d6 Qb7+
57.e4 Qd7 58.Qd5+ Kh8 59.e5 Qf5 60.Qa8+ Kh7 61.Qb7+ Kh8 62.Qb8+ Kh7 63.Qc7+ Kh8
64.Qd8+ Kh7 65.Qe7+ Kg8 66.Qh4 Kh7 67.f3 Qc2+ 68.Kg3 Qd2 69.Qe7+ Kh8 70.d7 Qe1+
71.Kg4 Qg1+ 72.Kh5 Qg5+ 73.Qxg5 Kh7 74.Qg6+  1-0

[Event "Petr Izmailov Mem"]
[Site "Tomsk RUS"]
[Date "2009.06.27"]
[Round "4"]
[White "Peregudov,N"]
[Black "Belozerov,A"]
[Result "1/2-1/2"]
[WhiteElo "2403"]
[BlackElo "2492"]

1.d4 d5 2.Nf3 Nf6 3.c4 c6 4.Qc2 g6 5.cxd5 cxd5 6.Nc3 Nc6 7.e3 Bg7 8.Bb5 O-O
9.O-O Bf5 10.Qe2 Bg4 11.h3 Bxf3 12.Qxf3 e5 13.dxe5 Nxe5 14.Qe2 Qe7 15.Rd1 Rfd8
16.Ba4 Rac8 17.Bb3 Qc5 18.Bd2 Nc4 19.Be1 b5 20.Rac1 a6 21.a3 Re8 22.Rc2 Rcd8
23.Na2 Ne4 24.a4 Qb6 25.axb5 axb5 26.Bc3 Nc5 27.Bxg7 Kxg7 28.Nc1 Rd6 29.Ba2 Ne4
30.Qd3 Ne5 31.Qd4 Qxd4  1/2-1/2

[Event "Petr Izmailov Mem"]
[Site "Tomsk RUS"]
[Date "2009.06.29"]
[Round "6"]
[White "Ulkhanov,A"]
[Black "Latyev,V"]
[Result "0-1"]
[WhiteElo "2051"]
[BlackElo "1855"]

1.d4 d5 2.Nf3 Nf6 3.c4 c6 4.Qc2 dxc4 5.Qxc4 Bf5 6.g3 e6 7.Bg2 Nbd7 8.O-O Be7
9.Nc3 O-O 10.Qb3 Qb6 11.Qxb6 axb6 12.Nh4 Bc2 13.Bd2 h6 14.Rac1 Bh7 15.Rfe1 b5
16.a3 Nb6 17.Rcd1 Nc4 18.Bc1 Bc2 19.e4 Bxd1 20.Rxd1 b4 21.axb4 Bxb4 22.Bf1 Nb6
23.f3 Rfd8 24.Be3 Na4 25.Nxa4 Rxa4 26.Rd3 Be7 27.Ng2 c5 28.dxc5 Rxd3 29.Bxd3 Rb4
30.Bc1 Bxc5+ 31.Kf1 Bd4 32.Ke2 Bxb2 33.Bd2 Rb6 34.Ne3 Bd4 35.Nc4 Rc6 36.Na5 Rc7
37.h4 Nd7 38.Bb1 Bc3 39.Nb3 b5 40.Bf4 e5 41.Be3 Kf8 42.Kd3 Ke7 43.Ke2 Kd6
44.Bd3 Rb7 45.g4 Bb4 46.f4 f6 47.Bc2 Nc5 48.Nxc5 Bxc5 49.Bc1 b4 50.Bb3 Bd4
51.Kd3 Kc5 52.f5 Rd7 53.Be6 Rd8 54.Ke2 Kb5 55.Bb3 Bb6 56.Bb2 Bf2 57.h5 Bg3
58.Bd5 Kc5 59.Kd3 Rxd5+ 60.exd5 Kxd5 61.Ba1 e4+ 62.Ke3 Be5  0-1

[Event "Petr Izmailov Mem"]
[Site "Tomsk RUS"]
[Date "2009.06.29"]
[Round "6"]
[White "Kim,Se"]
[Black "Petrukhina,I"]
[Result "1-0"]
[WhiteElo "2299"]
[BlackElo "2059"]

1.d4 d5 2.c4 c6 3.Nf3 Nf6 4.Qc2 g6 5.cxd5 cxd5 6.e3 Bg7 7.Bd3 Nc6 8.O-O O-O
9.a3 Bg4 10.Nbd2 Rc8 11.Qa4 Nd7 12.h3 Bxf3 13.Nxf3 e5 14.dxe5 Ndxe5 15.Nxe5 Nxe5
16.Be2 Qb6 17.Rb1 Rfd8 18.Rd1 Qc6 19.Qxc6 Nxc6 20.b4 d4 21.b5 Na5 22.exd4 Bxd4
23.Bg5 f6 24.Bg4 Ra8 25.Bd2 b6 26.Bb4 Be5 27.Rbc1 h5 28.Be6+ Kg7 29.g3 f5
30.f4 Rxd1+ 31.Rxd1 Bf6 32.Rd7+ Kh6 33.Rf7 Bd4+ 34.Kg2 Bg7 35.Be7 Re8 36.Bd7 Rg8
37.Be6 Re8 38.Bd5 Rg8 39.Kf3 Kh7 40.Bg5 Kh8 41.Rxa7 Rc8 42.Ra8 Rxa8 43.Bxa8 Nc4
44.a4 Bc3 45.Bd8 Bd4 46.Bd5 Na5 47.Bc7 Bc5 48.Be5+ Kh7 49.g4 hxg4+ 50.hxg4 Bg1
51.Kg2 Bc5 52.Kh3 Bf2 53.g5 Bc5 54.Kg2 Be3 55.Kf3 Bg1 56.Ke2 Bc5 57.Kd3 Be7
58.Bd4 Bd8 59.Be3 Bc7 60.Bf3 Kg7 61.Kd4 Kf7 62.Kd5 Ke7 63.Bd4 Nb3 64.Bf6+ Kd7
65.Bd1 Nc5 66.a5 Ne6 67.a6 Nxf4+ 68.Kc4 Bb8 69.Be5 Kc8 70.Bf3 Ne6 71.Bb7+ Kd8
72.Bxb8 Nc7 73.a7 f4 74.Bxc7+  1-0

[Event "Petr Izmailov Mem"]
[Site "Tomsk RUS"]
[Date "2009.06.30"]
[Round "7"]
[White "Ismailov,M"]
[Black "Slugin,A"]
[Result "1/2-1/2"]
[WhiteElo "2037"]
[BlackElo "2100"]

1.d4 d5 2.c4 c6 3.Nf3 Nf6 4.Qc2 g6 5.e3 Bg7 6.Bd3 O-O 7.Nbd2 Nbd7 8.O-O e5
9.dxe5 Ng4 10.e6 fxe6 11.e4 d4 12.h3 Nge5 13.Nxe5 Bxe5 14.c5 Qh4 15.Nc4 Bc7
16.b4 Ne5 17.Nxe5 Bxe5 18.Re1 Bd7 19.Rb1 Rf7 20.Re2 Raf8 21.f4 Qg3 22.Rf2 Bxf4
23.Bxf4 Rxf4 24.Rxf4 Rxf4 25.Rf1 Rxf1+ 26.Kxf1 e5 27.a4 Kg7 28.b5 Kf6 29.Qf2+ Qf4
30.b6 axb6 31.cxb6 Ke7 32.Qxf4 exf4 33.a5 Bc8 34.Ke2 Kd6 35.Kf3 g5 36.e5+ Kxe5
37.Bxh7 c5 38.Bd3 Kd6 39.Bc4 Bd7 40.g3 Bc6+ 41.Kf2 Be4 42.gxf4 gxf4 43.h4 d3
44.h5 Ke5 45.a6 bxa6 46.Bxd3 Bb7 47.Be2 a5 48.Bf3 Bc8 49.Bg4 Ba6  1/2-1/2

[Event "Petr Izmailov Mem"]
[Site "Tomsk RUS"]
[Date "2009.06.30"]
[Round "7"]
[White "Sviridov,Va"]
[Black "Sozin,S"]
[Result "1-0"]
[WhiteElo "2154"]
[BlackElo "1955"]

1.d4 d5 2.c4 c6 3.Nf3 Nf6 4.Qc2 dxc4 5.Qxc4 Bf5 6.Nc3 e6 7.g3 Be7 8.Bg2 Nbd7
9.O-O O-O 10.e3 b5 11.Qxc6 b4 12.Ne2 Bd3 13.Re1 Qa5 14.Nd2 Rac8 15.Nb3 Rxc6
16.Nxa5 Rc2 17.Nf4 Be4 18.f3 Ba8 19.b3 e5 20.dxe5 Nxe5 21.e4 Bd8 22.Nc4 Nxc4
23.bxc4 Rxc4 24.Be3 Bb6 25.Bxb6 axb6 26.Nd3 Rfc8 27.Rab1 Nd7 28.Bh3 R8c7
29.Bxd7 Rxd7 30.Ne5  1-0

[Event "Petr Izmailov Mem"]
[Site "Tomsk RUS"]
[Date "2009.07.01"]
[Round "8"]
[White "Ulkhanov,A"]
[Black "Sadykova,A"]
[Result "1-0"]
[WhiteElo "2051"]
[BlackElo "2109"]

1.d4 d5 2.Nf3 Nf6 3.c4 c6 4.Qc2 e6 5.g3 Be7 6.Bg2 O-O 7.O-O Nbd7 8.b3 Ne4
9.Nbd2 Ndf6 10.Bb2 Qc7 11.Rae1 Rd8 12.Nxe4 Nxe4 13.Ne5 Nf6 14.f3 Bd6 15.e4 dxe4
16.f4 c5 17.d5 exd5 18.cxd5 Nxd5 19.Bxe4 Nf6 20.Bf3 Bh3 21.Rf2 c4 22.Qxc4 Qxc4
23.Nxc4 Bc5 24.Ne3 Re8 25.Bc1 Re7 26.Rc2 Bb6 27.Bg2 Bf5 28.Rce2 Rae8 29.h3 Bd3
30.Kf2 Bxe2 31.Rxe2 Rc8 32.Bd2 Rc2 33.Ke1 Bxe3 34.Bxe3 Rxe2+ 35.Kxe2 b6 36.g4 Ne4
37.a4 Nc3+ 38.Kd3 Nd1 39.Bd4 Rd7 40.Kc4 Rc7+ 41.Kb5 Nc3+ 42.Ka6 Ne2 43.Be5 Re7
44.Bb7 f6 45.Bb8 Re3 46.Bxa7 Rxh3 47.Bxb6 Nxf4 48.b4 h5 49.Kb5 hxg4 50.a5 Rh5+
51.Kc4 Kf7 52.a6 Rh8 53.a7 g6 54.Bc7 g3 55.b5 g2 56.Bxg2 Nxg2 57.Bb8 Rc8+
58.Kb4 Rh8 59.a8=Q Rh4+ 60.Ka5 Nf4 61.Bxf4 Rxf4 62.Qd5+ Ke7 63.Qc5+ Kd8 64.Qd6+ Kc8
65.Qxf4 g5 66.Qxf6 g4 67.Qe6+ Kc7 68.Qxg4 Kd6 69.Qd4+ Kc7 70.b6+ Kb8 71.Ka6 Kc8
72.b7+ Kb8 73.Qd6+  1-0

[Event "ZMD Open"]
[Site "Dresden GER"]
[Date "2009.07.02"]
[Round "9"]
[White "Nyzhnyk,I"]
[Black "Meurs,T"]
[Result "1-0"]
[WhiteElo "2486"]
[BlackElo "2179"]

1.d4 d5 2.c4 c6 3.Nf3 Nf6 4.Qc2 dxc4 5.Qxc4 Bf5 6.g3 e6 7.Bg2 Be7 8.Nc3 Nbd7
9.O-O O-O 10.Bf4 Bg6 11.Rfe1 Nb6 12.Qb3 Nfd5 13.Bd2 Nxc3 14.bxc3 Be4 15.Rac1 c5
16.dxc5 Bxc5 17.Ng5 Bxg2 18.Qc2 g6 19.Kxg2 Nc4 20.Rcd1 Nxd2 21.Ne4 Be7 22.Rxd2 Qc7
23.Red1 Rfd8 24.Qa4 Rxd2 25.Rxd2 Rd8 26.Rxd8+ Qxd8 27.f3 a6 28.Qb3 Qd5 29.c4 Qc6
30.Nf2 b5 31.cxb5 axb5 32.Nd3 Qc4 33.Qxc4 bxc4 34.Ne1 Kf8 35.Nc2 Bc5 36.f4 Ke7
37.Kf3 Kd6 38.Ne3 c3 39.Ke4 Kc6 40.Kd3 Kb5 41.Nd1 c2 42.Nc3+ Kc6 43.Kxc2 Bg1
44.e4 Bxh2 45.Ne2 h6 46.Kd3 g5 47.Ke3 gxf4+ 48.gxf4 f5 49.e5 h5 50.Kf3 Kd5
51.a4 h4 52.a5 h3 53.a6 Bg1 54.Nxg1 h2 55.Kg2 hxg1=Q+ 56.Kxg1 Kc6 57.Kg2 Kb6
58.Kg3 Kxa6 59.Kh4 Kb6 60.Kg5 Kc6 61.Kf6 Kd5 62.Ke7 Ke4 63.Kxe6 Kxf4 64.Kf6 Kg4
65.e6 f4 66.e7 f3 67.e8=Q Kg3 68.Qe4  1-0

[Event "Intomart GfK Open"]
[Site "Hilversum NED"]
[Date "2009.07.05"]
[Round "9"]
[White "Zatonskih,A"]
[Black "Giri,A"]
[Result "1/2-1/2"]
[WhiteElo "2461"]
[BlackElo "2517"]

1.d4 d5 2.c4 c6 3.Nf3 Nf6 4.Qc2 dxc4 5.Qxc4 Bg4 6.Nbd2 Nbd7 7.g3 e6 8.Bg2 Be7
9.O-O O-O 10.Re1 a5 11.a3 a4 12.Ne5 Bh5 13.h3 Nxe5 14.dxe5 Nd7 15.Qc3 Qc7
16.Nc4 Nb6 17.Nxb6 Qxb6 18.e4 Qa5 19.Bd2 Qxc3 20.Bxc3 f5 21.exf5 exf5 22.Bb4 Rfe8
23.Re3 Rad8 24.Bxe7 Rxe7 25.Rc1 Rd4 26.b3 axb3 27.Rxb3 Bf7 28.Rb2 f4 29.gxf4 Rxf4
30.Rcb1 Rxe5 31.Rxb7 h6 32.R7b4 Rf6 33.Rc1 Re2 34.Rxc6 Re1+ 35.Kh2 Rxf2 36.Kg3 Ra2
37.Be4 g6 38.Kf4 Rxa3 39.Bxg6 Rf1+ 40.Ke4 Bxg6+ 41.Rxg6+ Kh7 42.Rg4 Ra7 43.h4 Re7+
44.Kd3 Rd1+ 45.Kc2 Rd5 46.Rbd4 Rde5 47.Kd3 Re3+ 48.Kd2 Re2+ 49.Kd3 R7e3+
50.Kc4 Rc2+ 51.Kd5 Rc7 52.Rge4 Ra3 53.Ra4 Rd3+ 54.Rad4 Rh3 55.Rg4 Rf7  1/2-1/2

[Event "ch-BEL Expert"]
[Site "Namur BEL"]
[Date "2009.07.05"]
[Round "2"]
[White "Alienkin,A"]
[Black "Vandenbussche,T"]
[Result "1/2-1/2"]
[WhiteElo "2402"]
[BlackElo "2282"]

1.d4 d5 2.Nf3 Nf6 3.c4 c6 4.Nbd2 Bf5 5.g3 e6 6.Bg2 h6 7.O-O Nbd7 8.b3 Bd6
9.Bb2 O-O 10.Ne5 Qc7 11.Nxd7 Nxd7 12.f3 Bg6 13.e4 dxe4 14.Nxe4 Be7 15.Qe2 a5
16.f4 Nf6 17.Nc5 Qb6 18.Nd3 Bxd3 19.Qxd3 a4 20.Kh1 Rfd8 21.Qf3 a3 22.Bc3 Bb4
23.Rad1 Rd7  1/2-1/2

[Event "37th Greek Teams"]
[Site "Kallithea GRE"]
[Date "2009.07.07"]
[Round "7"]
[White "Skembris,S"]
[Black "Festas,G"]
[Result "1-0"]
[WhiteElo "2452"]
[BlackElo "2136"]

1.d4 d5 2.c4 c6 3.Nf3 Nf6 4.Qc2 a6 5.Bf4 g6 6.e3 Bg7 7.Nc3 O-O 8.h3 b5 9.cxd5 cxd5
10.Bd3 Bb7 11.O-O Nbd7 12.a4 b4 13.Qb3 bxc3 14.Qxb7 cxb2 15.Qxb2 e6 16.Rfc1 Re8
17.a5 Bf8 18.Qb7 Re7 19.Bc7 Qc8 20.Bxa6 Qxb7 21.Bxb7 Ra7 22.a6 Re8 23.Ne5  1-0

[Event "FSIMB July"]
[Site "Budapest HUN"]
[Date "2009.07.09"]
[Round "6"]
[White "Kahn,E"]
[Black "Admiraal,M"]
[Result "1/2-1/2"]
[WhiteElo "2281"]
[BlackElo "2173"]

1.d4 d5 2.c4 c6 3.Nf3 Nf6 4.g3 dxc4 5.Bg2 e6 6.O-O Nbd7 7.Qc2 b5 8.b3 c3
9.Nxc3 Bb7 10.Ne5 Rc8 11.Nxd7 Qxd7 12.Rd1 Be7 13.e4 O-O 14.Be3  1/2-1/2

[Event "ChessCube SA Open"]
[Site "Cape Town RSA"]
[Date "2009.07.09"]
[Round "9"]
[White "Van Rensburg,R"]
[Black "Wang,Ph"]
[Result "1/2-1/2"]
[WhiteElo "1987"]
[BlackElo "2306"]

1.d4 d5 2.c4 c6 3.Nf3 Nf6 4.Qb3 g6 5.Nc3 Bg7 6.g3 O-O 7.Bg2 dxc4 8.Qxc4 Be6
9.Qd3 Na6 10.O-O Nb4 11.Qd1 h6 12.Re1 Nbd5 13.e4 Nxc3 14.bxc3 Qa5 15.Qc2 Qh5
16.Rb1 b5 17.Ne5 Ng4 18.Nxg4 Bxg4 19.Qd3 Rad8 20.f3 Be6 21.Qc2 Bc4 22.Qf2 f5
23.exf5 Qxf5 24.Ba3 Rfe8 25.f4 Bd5 26.Rb2 e6  1/2-1/2

[Event "FSGM July"]
[Site "Budapest HUN"]
[Date "2009.07.11"]
[Round "8"]
[White "Flumbort,A"]
[Black "Varga,Zo"]
[Result "1-0"]
[WhiteElo "2507"]
[BlackElo "2473"]

1.d4 d5 2.c4 dxc4 3.Nf3 c6 4.e3 Bf5 5.Bxc4 e6 6.O-O Nf6 7.Nc3 Nbd7 8.Qe2 b5
9.e4 Bg6 10.Bd3 b4 11.Na4 Be7 12.Bf4 Qa5 13.b3 O-O 14.Rac1 c5 15.dxc5 Nxc5
16.Nxc5 Bxc5 17.Ne5 Qb6 18.Rc4 Nh5 19.Bd2 Qd6 20.Nxg6 fxg6 21.e5 Qd5 22.Be4 Qxe5
23.Rxc5 Qxc5 24.Bxa8 Rxa8 25.Qxe6+ Kh8 26.Rc1 Qf5 27.Qxf5 gxf5 28.Bxb4 Nf4
29.Rc4 Rd8 30.h4 Ne6 31.Rc6 Nd4 32.Rc7 a6 33.Kh2 Kg8 34.Bc3 g6 35.Bxd4 Rxd4
36.Ra7 Rxh4+ 37.Kg3 Rg4+ 38.Kf3 Rb4 39.Rxa6 Kg7 40.Ra4 Rb6 41.b4 Kf6 42.a3 h5
43.Ra5 Rd6 44.b5 Rd3+ 45.Ke2 Rb3 46.a4 g5 47.Kd2 h4 48.Kc2 Rb4 49.Kc3 Rb1
50.Ra6+ Kg7 51.Rd6 g4 52.Rd4 Kf6 53.Kc2 Ke5 54.Kxb1 Kxd4 55.b6 h3 56.gxh3 gxh3
57.b7 h2 58.b8=Q h1=Q+ 59.Kb2 Qh5 60.Qb6+ Kd5 61.Qb5+ Kd6 62.a5 Qh8+ 63.Ka2 Qd4
64.Qxf5 Qc4+ 65.Kb2 Qe2+ 66.Kc3 Qe1+ 67.Kc4 Qc1+ 68.Kb5 Qc6+ 69.Kb4 Qb7+
70.Ka3 Qe7 71.Qf4+ Kd5+ 72.Qb4 Qe2 73.Qb3+ Kc6 74.Qc3+ Kd7 75.Qd4+ Kc8 76.Kb4 Qf1
77.Qc4+  1-0

[Event "8th Open"]
[Site "La Fere FRA"]
[Date "2009.07.11"]
[Round "9"]
[White "Daces,P"]
[Black "Ahlers,B"]
[Result "0-1"]
[WhiteElo "2023"]
[BlackElo "2136"]

1.d4 Nf6 2.Nf3 d5 3.c4 c6 4.Qc2 g6 5.Bf4 Bg7 6.e3 O-O 7.Nc3 Bf5 8.Qb3 dxc4
9.Qxb7 Nbd7 10.Bxc4 Nb6 11.Be2 Nfd5 12.Nxd5 Nxd5 13.Bg3 Qa5+ 14.Kf1 e5 15.Nxe5 Bxe5
16.Bxe5 Rfe8 17.h3 Rad8 18.Qb3 f6 19.Bg3 Kh8 20.Bc4 Nb4 21.Kg1 Nc2 22.Rd1 Nb4
23.Rc1 Rd7 24.Kh2 h5 25.a3 Nd5 26.Bxd5 cxd5 27.Rc5 Qd8 28.Rhc1 g5 29.Kg1 h4
30.Bc7 Qe7 31.Ba5 g4 32.hxg4 Bxg4 33.Rc7 Rg8 34.Rxd7 Qxd7 35.Rc5 Bf3 36.Kf1 h3
37.gxh3 Qxh3+ 38.Ke1 Rg1+ 39.Kd2 Rd1+ 40.Kc2 Qf5+ 41.Kc3 Rd3+  0-1

[Event "ch-SUI"]
[Site "Graechen SUI"]
[Date "2009.07.12"]
[Round "4"]
[White "Leutwyler,M"]
[Black "Kelecevic,N"]
[Result "1/2-1/2"]
[WhiteElo "2169"]
[BlackElo "2320"]

1.d4 d5 2.Nf3 Nf6 3.c4 c6 4.Qc2 dxc4 5.Qxc4 Bf5 6.Nc3 e6 7.g3 Nbd7 8.Bg2 Be7
9.O-O O-O 10.Re1 Bg6 11.e4 b5 12.Qxc6 b4 13.e5 bxc3 14.exf6 cxb2 15.Bxb2 Nxf6
16.Ne5 Rb8 17.Qc1 Qb6 18.Nc6 Qxb2 19.Nxe7+ Kh8 20.Qc5 a6 21.Nxg6+ hxg6 22.d5 exd5
23.Bxd5 Nxd5  1/2-1/2

[Event "32nd Aegean Open"]
[Site "Aghios Kirykos GRE"]
[Date "2009.07.14"]
[Round "4"]
[White "Spirin,O"]
[Black "Groetz,H"]
[Result "1/2-1/2"]
[WhiteElo "2466"]
[BlackElo "2350"]

1.d4 d5 2.c4 c6 3.Nf3 Nf6 4.Qc2 g6 5.Bf4 dxc4 6.Qxc4 Bg7 7.e3 O-O 8.Be2 Be6
9.Qc1 Qa5+ 10.Nbd2 c5 11.O-O Rc8 12.Nb3 Bxb3 13.axb3 Qb6 14.Bc4 e6 15.dxc5 Qxc5
16.Be5 Nc6  1/2-1/2

[Event "6th South Wales Int"]
[Site "Treforest WLS"]
[Date "2009.07.14"]
[Round "5"]
[White "Arkell,K"]
[Black "Byron,A"]
[Result "1-0"]
[WhiteElo "2521"]
[BlackElo "2173"]

1.d4 d5 2.c4 c6 3.Nf3 Nf6 4.g3 a6 5.Nbd2 g6 6.Bg2 Bg7 7.O-O O-O 8.b3 b5 9.Bb2 Qb6
10.c5 Qc7 11.a4 b4 12.a5 Bg4 13.Ne5 Bf5 14.Ra4 Nbd7 15.f4 Rab8 16.h3 h5 17.e3 Qc8
18.Kh2 Nxe5 19.fxe5 Nh7 20.e4 Bd7 21.exd5 cxd5 22.Ra1 Be6 23.Nf3 g5 24.Ne1 g4
25.h4 f6 26.Nd3 Bf7 27.Qe2 Rd8 28.Rae1 Nf8 29.Qd2 Kh7 30.exf6 Bxf6 31.Rxe7 Kg7
32.Rxf6  1-0